000 00660nam a2200289Ia 4500
005 20260324113640.0
008 008 260324s9999 xx 000 0 eng d
020 _a9781003413103
037 _aEBOOK
040 _aCRL
040 _beng
040 _cCRL
041 _2eng
041 _aeng
084 _qCRL
100 _aWindy Dryden
_91138463
245 0 _aSingle-Session Therapy
245 0 _bDistinctive Features
260 _bTaylor and Francis
260 _c2023
365 _a
365 _b220
856 _uhttp://www.taylorfrancis.com/books/9781003413103
942 _cEBOOK
999 _c1737379
_d1737379